Halsbury's laws of India / (Record no. 157788)

MARC details
000 -LEADER
fixed length control field 00647nam a22002057a 4500
005 - DATE AND TIME OF LATEST TRANSACTION
control field 20181001105728.0
010 ## - LCCN (DPL NO)
LC control number ENG-124137
020 ## - INTERNATIONAL STANDARD BOOK NUMBER
International Standard Book Number 9789386515193
Terms of availability 3695.00 (vol.22)
035 ## - SYSTEM CONTROL NUMBER
System control number EN-107669
037 ## - SOURCE OF ACQUISITION
Source of stock number/acquisition DBAD/PUB
082 ## - DEWEY DECIMAL CLASSIFICATION NUMBER
Classification number 346.54048
245 ## - TITLE STATEMENT
Title Halsbury's laws of India /
250 ## - EDITION STATEMENT
Edition statement 2nd ed
260 ## - PUBLICATION, DISTRIBUTION, ETC. (IMPRINT)
Place of publication, distribution, etc Gurgaon
Name of publisher, distributor, etc LexisNexis
Date of publication, distribution, etc 2018
270 ## - ADDRESS
Address 14th Floor, Bldg. No.10, Tower-B, DLF Cyber City, Phase-II
City Gurgaon
Postal code 122002
300 ## - PHYSICAL DESCRIPTION
Extent vol-22(Various Pagings)
Other physical details 24cm(Hb)
500 ## - GENERAL NOTE
General note It includes subject index
505 ## - FORMATTED CONTENTS NOTE
Formatted contents note V-22-Intellectual Property Rights-I
942 ## - ADDED ENTRY ELEMENTS (KOHA)
Source of classification or shelving scheme Dewey Decimal Classification
Item type English Books
Call number suffix HAL
Classification part 346.54048
Holdings
Withdrawn status Lost status Not for loan Collection code Home library Current library Date acquired Source of acquisition Cost, normal purchase price Full call number Barcode Copy number Cost, replacement price Koha item type
    Not For Loan Non-fiction D.B.Act.Division Sarojini Nagar 01/10/2018 DBAD/PUB 3695.00 346.54048 HAL EN-107669 1 3695.00 English Books

© Delhi Public Library
Hit Counter
free hit counter